Quản lý nhà nước về kinh tế

Wedi'i Gadw mewn:
Manylion Llyfryddiaeth
Prif Awdur: Phan, Huy Đường
Fformat: Llyfr
Cyhoeddwyd: Hà Nội Đại học Quốc gia Hà Nội 2015
Pynciau:
Tagiau: Ychwanegu Tag
Dim Tagiau, Byddwch y cyntaf i dagio'r cofnod hwn!
Thư viện lưu trữ: Trung tâm Học liệu Lê Vũ Hùng, Trường Đại học Đồng Tháp
LEADER 00766pam a22002418a 4500
001 00038144
005 20171026081025.0
008 170515s2015 ||||||Viesd
041 0 # |a Vie 
082 1 4 |a 338.1  |b QU105L 
100 1 # |a Phan, Huy Đường 
245 1 0 |a Quản lý nhà nước về kinh tế  |c Phan Huy Đường 
260 # # |a Hà Nội  |b Đại học Quốc gia Hà Nội  |c 2015 
300 # # |a 238tr.  |c 24 cm 
653 # # |a Kinh tế 
653 # # |a Quản lý 
653 # # |a Nhà nước 
852 # # |b Kho mượn  |j KM.0021829 
852 # # |b Kho đọc  |j KD.0020781 
852 # # |j KM.0021829  |j KD.0020781 
910 |d 15/05/2017 
980 # # |a Trung tâm Học liệu Lê Vũ Hùng, Trường Đại học Đồng Tháp